Statistics for Israeli Universities

Click here to take the quiz!

General Stats

  • This quiz has been taken 120 times
    (116 since last reset)
  • The average score is 6 of 9

Answer Stats

Answer% Correct
Tel Aviv University
94%
The Hebrew University
85%
University of Haifa
83%
Ben Gurion University of the Negev
75%
The Technion
72%
Bar Ilan University
61%
Ariel University
48%
Open University of Israel
28%
Weizmann Institute of Science
20%

Score Distribution

Percentile by Number Answered

Percent of People with Each Score

Your Score History

You have not taken this quiz since the last reset